[Event "RUS-chT Premier 2019"]
[Site "Sochi"]
[Date "2019.05.04"]
[Round "4.16"]
[White "Faizrakhmanov, Ramil"]
[Black "Najer, Evgeniy"]
[Result "0-1"]
[WhiteElo "2438"]
[BlackElo "2674"]
[Annotator "TA"]
[PlyCount "82"]
[EventDate "2019.04.30"]
[EventType "team-tourn"]
[EventCountry "RUS"]
[SourceTitle "playchess.com"]
[Source "ChessBase"]
[SourceQuality "1"]

{[%evp 23,82,28,13,5,19,0,0,-7,-21,-26,0,0,0,9,0,-50,-57,-56,-52,-49,-56,-127,-46,-66,-52,-84,-92,-108,-89,-125,-114,-128,-112,-140,-126,-141,-131,-135,0,-145,-133,-200,-171,-227,-203,-590,-591,-592,-585,-560,-578,-585,-576,-577,-576,-670,-669,-5791,-6003,-5791,-5643]} 1. d4 Nf6 2. c4 e6 3. Nf3 d5 4. Nc3 c6 5. e3 Nbd7 6. Qc2 Bd6 7. b3 O-O 8. Be2 a6 9. O-O e5 10. cxd5 cxd5 11. dxe5 Nxe5 12. Bb2 Be6 13. Nd4 {D45: Semi-Slav: 5 e3} (13. Rad1 Rc8 14. Qb1 Qc7 15. h3 Rfd8 16. Nd4 Nc6 17. Na4 Ne4 18. Bd3 Nxd4 19. Bxd4 Re8 20. Qb2 f6 21. Rc1 {½-½ (35) Fressinet,L (2710)-Saric,I (2661) Linares 2015}) 13... Rc8 {[#]} 14. f4 $146 ({Predecessor:} 14. Qd1 Bb8 15. Rc1 Qd6 16. g3 Bh3 17. Re1 Rcd8 {0-1 (39) Bischoff,K (2510)-Portisch,L (2595) Biel 1992}) 14... Nc6 15. Nxc6 {The position is equal.} Rxc6 16. Qd3 Qa5 17. a3 d4 18. b4 ({Much weaker is} 18. Qxd4 Bc5 $17) 18... Qc7 19. exd4 {[#] Hoping for d5.} Bxf4 20. g3 Bc4 21. Qf3 {Strongly threatening Bxc4.} Bd2 {aiming for ...Bxc3.} 22. Bxc4 (22. d5 $15 Bxc3 23. dxc6 Bxb2 24. Bxc4 Bxa1 25. Rxa1) 22... Bxc3 (22... Rxc4 $17 23. Na4 Re8) 23. Bxc3 Rxc4 24. Bd2 Qd7 25. Bg5 Nd5 26. Rad1 h6 27. Bf4 Re8 28. Rd3 Rc2 29. Rd2 Rc3 30. Rd3 Rc2 31. Rd2 Rc6 32. Be5 (32. Rdf2 $17 {might work better.}) 32... Rc3 $36 {[%mdl 2048] Black has strong initiative.} 33. Qh5 (33. Rd3 $142 Rec8 34. Rxc3 Rxc3 35. Qf5 Qxf5 36. Rxf5) 33... Rxa3 34. Bxg7 $2 (34. Rdf2 {is more resistant.} Re7 35. Qd1) 34... Kxg7 $19 {Black is clearly winning.} 35. Rdf2 {[%cal Rf2f7]} f6 36. Rf5 Rd8 37. Qg4+ Kh7 {[#] ...Ne3 is the strong threat.} 38. Qh5 Qe6 39. Qh4 Ra2 40. Re5 fxe5 41. Qxd8 exd4 {Accuracy: White = 29%, Black = 66%.} 0-1

[Event "RUS-chT Premier 2019"]
[Site "Sochi"]
[Date "2019.05.04"]
[Round "4.17"]
[White "Alekseenko, Kirill"]
[Black "Makhmutov, Rail"]
[Result "1-0"]
[WhiteElo "2636"]
[BlackElo "2390"]
[Annotator "TA"]
[PlyCount "65"]
[EventDate "2019.04.30"]
[EventType "team-tourn"]
[EventCountry "RUS"]
[SourceTitle "playchess.com"]
[Source "ChessBase"]
[SourceQuality "1"]

{[%evp 13,67,22,19,16,42,42,39,42,66,37,35,35,57,59,84,27,54,34,51,58,57,40,38,39,41,39,64,33,48,47,89,89,87,87,85,85,87,78,79,89,69,24,163,147,147,154,156,162,310,292,593,511,485,502,583,477]} 1. e4 c6 2. d4 d5 3. e5 Bf5 4. Nf3 e6 5. Be2 c5 6. c3 Nc6 7. O-O Rc8 8. a3 {B12: Caro-Kann: Advance Variation} Bg6 $146 ({Predecessor:} 8... cxd4 9. cxd4 Nge7 10. b4 Rc7 11. Nc3 Nc8 12. Bg5 Be7 13. Bxe7 Qxe7 14. h3 O-O 15. Rc1 Nb8 {1-0 (43) Wei,Y (2629)-Laznicka,V (2667) China 2014}) 9. b4 cxd4 10. cxd4 {White is slightly better.} Nh6 11. Nbd2 Be7 12. Nb3 O-O 13. Bxh6 gxh6 14. Nc5 (14. Qd2 $16) 14... Bxc5 15. dxc5 f6 16. Nd4 Qe7 17. Bg4 f5 18. Bf3 {Threatens to win with Nxe6!} Nxd4 ({Reject} 18... Nxe5 $6 19. Re1 $16) 19. Qxd4 f4 20. Rac1 Rc7 21. b5 Rfc8 {[%cal Rc7c5]} 22. Qxf4 Kg7 23. b6 axb6 24. cxb6 Rc4 25. Rxc4 Rxc4 26. Qe3 Qg5 27. Qe2 (27. a4 $5) 27... Rc1 (27... Rc6 $11 {and Black is okay.}) 28. a4 $18 {[%cal Ba3a4,Ba4a5][%mdl 32]} Rxf1+ 29. Qxf1 Qxe5 {[#]} 30. Qc1 $1 Bc2 (30... Bd3 {was worth a try.} 31. Qc7+ {[%mdl 64] Double Attack} Kf6) 31. a5 d4 $2 (31... Bd3 32. Qc7+ {[%mdl 64] Double Attack} Kf6) 32. Qa1 {White is clearly winning.} Be4 33. a6 {Played: Qa1-e1} 1-0

[Event "RUS-chT Premier 2019"]
[Site "Sochi"]
[Date "2019.05.04"]
[Round "4.18"]
[White "Toropov, Pavel"]
[Black "Goganov, Aleksey"]
[Result "1/2-1/2"]
[WhiteElo "2327"]
[BlackElo "2570"]
[Annotator "ChessBase"]
[PlyCount "80"]
[EventDate "2019.04.30"]
[EventType "team-tourn"]
[EventCountry "RUS"]
[SourceTitle "playchess.com"]
[Source "ChessBase"]
[SourceQuality "1"]
[TimeControl "40/5400+30:1800+30"]

1. e4 {[%emt 0:00:00]} c5 {[%emt 0:00:00]} 2. Nf3 {[%emt 0:00:00]} d6 {[%emt 0:00:00]} 3. Bb5+ {[%emt 0:00:00]} Nd7 {[%emt 0:00:00]} 4. d4 {[%emt 0:00:00]} cxd4 {[%emt 0:00:16]} 5. Qxd4 {[%emt 0:00:03]} a6 {[%emt 0:00:38]} 6. Bxd7+ {[%emt 0:00:14]} Bxd7 {[%emt 0:00:06]} 7. Nc3 {[%emt 0:01:11]} Rc8 {[%emt 0:02:24]} 8. O-O {[%emt 0:08:25]} e5 {[%emt 0:03:16]} 9. Qd3 {[%emt 0:00:16]} h6 {[%emt 0:00:20]} 10. Nd2 {[%emt 0:01:28]} Be6 {[%emt 0:07:53]} 11. Nd5 {[%emt 0:09:24]} Nf6 {[%emt 0:06:41]} 12. c4 {[%emt 0:09:00]} Be7 {[%emt 0:03:42]} 13. Nxe7 {[%emt 0:01:05]} Qxe7 {[%emt 0:00:18]} 14. b3 {[%emt 0:00:27]} O-O {[%emt 0:02:26]} 15. Ba3 {[%emt 0:00:16]} Rfd8 {[%emt 0:01:42]} 16. f4 {[%emt 0:00:38]} exf4 {[%emt 0:00:57]} 17. Rxf4 {[%emt 0:00:27]} Ng4 {[%emt 0:05:23]} 18. Qg3 {[%emt 0:09:38]} Ne5 {[%emt 0:02:41]} 19. Rf2 {[%emt 0:06:56]} Ng4 {[%emt 0:04:21]} 20. Rf4 {[%emt 0:00:20]} Ne5 {[%emt 0:04:07]} 21. Rf2 {[%emt 0:00:06]} Qg5 {[%emt 0:10:05]} 22. Qxg5 {[%emt 0:07:47]} hxg5 {[%emt 0:00:05]} 23. Nf1 {[%emt 0:06:41]} b5 {[%emt 0:02:31]} 24. cxb5 {[%emt 0:00:05]} axb5 {[%emt 0:00:06]} 25. Rd1 {[%emt 0:00:51]} d5 {[%emt 0:19:04]} 26. exd5 {[%emt 0:06:40]} Rxd5 {[%emt 0:00:09]} 27. Rxd5 {[%emt 0:00:50]} Bxd5 {[%emt 0:00:05]} 28. Rd2 {[%emt 0:00:09]} Be6 {[%emt 0:00:38]} 29. Be7 {[%emt 0:00:46]} f6 {[%emt 0:00:15]} 30. Rd8+ {[%emt 0:00:55]} Rxd8 {[%emt 0:01:09]} 31. Bxd8 {[%emt 0:00:01]} Bd7 {[%emt 0:03:05]} 32. Ba5 {[%emt 0:05:41]} Nd3 {[%emt 0:00:26]} 33. Bd2 {[%emt 0:00:27]} Kf7 {[%emt 0:00:22]} 34. Ne3 {[%emt 0:08:54]} f5 {[%emt 0:00:28]} 35. Nd5 {[%emt 0:04:51]} f4 {[%emt 0:00:06]} 36. Nc3 {[%emt 0:03:00]} g4 {[%emt 0:02:40]} 37. a4 {[%emt 0:01:33]} bxa4 {[%emt 0:00:13]} 38. bxa4 {[%emt 0:00:08]} Nc5 {[%emt 0:01:45]} 39. Bxf4 {[%emt 0:00:25]} Nxa4 {[%emt 0:00:02]} 40. Nxa4 {[%emt 0:00:00]} Bxa4 1/2-1/2

[Event "RUS-chT Premier 2019"]
[Site "Sochi"]
[Date "2019.05.04"]
[Round "4.19"]
[White "Potkin, Vladimir"]
[Black "Iljiushenok, Ilia"]
[Result "0-1"]
[WhiteElo "2590"]
[BlackElo "2534"]
[Annotator "ChessBase"]
[PlyCount "76"]
[EventDate "2019.04.30"]
[EventType "team-tourn"]
[EventCountry "RUS"]
[SourceTitle "playchess.com"]
[Source "ChessBase"]
[SourceQuality "1"]
[TimeControl "40/5400+30:1800+30"]

1. e4 {[%emt 0:00:00]} c5 {[%emt 0:00:00]} 2. Nf3 {[%emt 0:00:00]} d6 {[%emt 0:00:00]} 3. d4 {[%emt 0:00:16]} cxd4 {[%emt 0:00:00]} 4. Nxd4 {[%emt 0:00:06]} Nf6 {[%emt 0:00:00]} 5. Nc3 {[%emt 0:00:08]} a6 {[%emt 0:00:01]} 6. Bg5 {[%emt 0:02:50]} Nbd7 {[%emt 0:00:20]} 7. Bc4 {[%emt 0:00:44]} Qb6 {[%emt 0:00:32]} 8. Bb3 {[%emt 0:01:40]} e6 {[%emt 0:00:14]} 9. f4 {[%emt 0:00:55]} Be7 {[%emt 0:02:43]} 10. f5 {[%emt 0:02:15]} Nc5 {[%emt 0:19:54]} 11. Qf3 {[%emt 0:00:43]} Nxb3 {[%emt 0:17:01]} 12. Nxb3 {[%emt 0:00:07]} O-O {[%emt 0:00:16]} 13. O-O-O {[%emt 0:00:54]} Qc7 {[%emt 0:03:25]} 14. Rhf1 {[%emt 0:32:43]} Bd7 {[%emt 0:18:56]} 15. Qg3 {[%emt 0:13:17]} Nh5 {[%emt 0:22:24]} 16. Qh4 {[%emt 0:00:28]} Bxg5+ {[%emt 0:02:05]} 17. Qxg5 {[%emt 0:00:02]} Nf6 {[%emt 0:00:06]} 18. Rf3 {[%emt 0:24:11]} h6 {[%emt 0:02:12]} 19. Qh4 {[%emt 0:00:04]} Rac8 {[%emt 0:01:24]} 20. Rg3 {[%emt 0:14:28]} Kh8 {[%emt 0:00:32]} 21. Rgd3 {[%emt 0:00:26]} b5 {[%emt 0:03:00]} 22. g4 {[%emt 0:01:48]} Nxe4 {[%emt 0:00:51]} 23. g5 {[%emt 0:00:01]} exf5 {[%emt 0:00:27]} 24. Rxd6 {[%emt 0:02:55]} Be6 {[%emt 0:00:26]} 25. gxh6 {[%emt 0:00:41]} g5 {[%emt 0:00:21]} 26. Qe1 {[%emt 0:00:01]} b4 {[%emt 0:02:18]} 27. Qe3 {[%emt 0:00:14]} bxc3 {[%emt 0:00:35]} 28. Qd4+ {[%emt 0:00:50]} f6 {[%emt 0:00:04]} 29. Rxe6 {[%emt 0:00:21]} Rfd8 {[%emt 0:00:10]} 30. Qg1 {[%emt 0:01:03]} cxb2+ {[%emt 0:00:28]} 31. Kxb2 {[%emt 0:00:02]} Qxc2+ {[%emt 0:00:34]} 32. Ka3 {[%emt 0:00:01]} Qxd1 {[%emt 0:01:21]} 33. Re8+ {[%emt 0:00:05]} Kh7 {[%emt 0:00:03]} 34. Re7+ {[%emt 0:01:57]} Kxh6 {[%emt 0:00:44]} 35. Qa7 {[%emt 0:00:02]} Qd6+ {[%emt 0:00:52]} 36. Kb2 {[%emt 0:00:03]} Rc2+ {[%emt 0:01:12]} 37. Kxc2 {[%emt 0:00:05]} Qxh2+ {[%emt 0:00:03]} 38. Kc1 {[%emt 0:00:35]} Rc8+ {[%emt 0:00:03]} 0-1

[Event "RUS-chT Premier 2019"]
[Site "Sochi"]
[Date "2019.05.04"]
[Round "4.20"]
[White "Nozdrachev, Vladislav"]
[Black "Chigaev, Maksim"]
[Result "1/2-1/2"]
[WhiteElo "2489"]
[BlackElo "2637"]
[Annotator "TA"]
[PlyCount "201"]
[EventDate "2019.04.30"]
[EventType "team-tourn"]
[EventCountry "RUS"]
[SourceTitle "playchess.com"]
[Source "ChessBase"]
[SourceQuality "1"]

{[%evp 10,201,30,28,37,19,31,14,16,20,19,11,43,44,50,44,66,51,39,11,21,16,19,12,27,-46,3,2,0,0,8,0,31,11,27,23,77,0,0,-23,-22,-19,-8,-97,-115,-114,-107,-96,-93,-152,-127,-156,-139,-138,-144,-150,-86,-135,-123,-123,-109,-116,-102,-102,-72,-127,-121,-129,-108,-141,-114,-109,-99,-162,-172,-160,-164,-322,-320,-336,-336,-287,-200,-184,-184,-184,-139,-139,-139,-139,-139,-185,-185,-213,-185,-213,-213,-213,-213,-213,-213,-213,-213,-213,-213,-213,-213,-213,-213,-213,-213,-213,-213,-213,-213,-213,-213,-213,-213,-213,-184,-184,-184,-184,-178,-226,-83,-83,-83,-83,-83,-83,-83,-83,-83,-83,-83,-83,-83,-83,-83,-83,-76,-76,-76,-76,-76,-76,-76,-76,-76,-76,-76,-76,-76,-76,-76,-76,-76,-76,-76,-76,-76,-76,-76,-76,-76,-76,-76,-76,-76,-76,-76,-76,-76,-76,-76,-83,-83,-83,-83,-83,-83,-83,-83,-83,-83,-83,-83,-83,-76,-76,3,3]} 1. e4 e5 2. Nf3 Nc6 3. Bc4 Nf6 4. d3 h6 5. O-O d6 6. c3 g5 {C55: Two Knights: 4 d3, 4 d4 exd4 5 e5 and Max Lange Attack} 7. Bb3 Bg7 8. Na3 O-O 9. Nc4 Be6 10. Re1 g4 $146 ({Predecessor:} 10... Re8 11. a4 d5 12. Ncxe5 Nxe5 13. Nxe5 dxe4 14. d4 {0-1 (26) Ganguly,S (2615)-Mamedyarov,S (2817) Kolkata 2018}) 11. Nfd2 d5 12. exd5 Nxd5 13. Ne4 a5 14. Nc5 Bc8 $1 15. Ne3 Nf4 16. Nxg4 {Black must now prevent d4!} b6 $1 {[%cal Rb6c5]} 17. Nxe5 (17. Na4 $11) 17... Nxe5 18. Bxf4 Ng6 19. Be3 $1 {Threatens to win with Ne4.} bxc5 20. Bxc5 Qg5 21. Qf3 (21. Bxf8 $5 {[%cal Rd1f3]} Bb7 22. g3 Rxf8 23. Re3 $11) 21... Bg4 22. Qd5 Ne5 (22... Nf4 $11 23. Qxg5 hxg5) 23. f4 (23. h4 $1 $16 {[%cal Rh4g5]} Qf6 24. Bxf8 Rxf8 25. Re3) 23... Qxf4 $11 24. Rf1 Qg5 $1 {Strongly threatening ...Rad8.} 25. Bxf8 Rxf8 $40 {[%mdl 128] Black is up to no good.} 26. d4 (26. Qe4 $11 {remains equal.}) 26... a4 $1 $17 {[%cal Ra4b3]} 27. dxe5 {[%cal Rf1f7]} axb3 28. axb3 Bxe5 29. Ra5 (29. Qe4 $142) 29... Qe3+ {[%mdl 1024] Black has strong compensation.} 30. Kh1 Bd6 $1 31. Ra4 Be6 32. Qh5 Qg5 (32... Kh7 $142 33. Ra5 Qd3) 33. Ra5 Qxh5 34. Rxh5 Kg7 35. b4 f5 36. Re1 Bc4 37. Kg1 (37. Rh4 $142 f4 38. Kg1) 37... Kg6 38. Rh3 f4 39. Rf3 h5 40. Rf2 h4 41. Re4 (41. Rd2 $17 {might work better.}) 41... Bd5 $19 42. Rd4 Bb7 $1 43. g3 $2 (43. Kf1 {keeps fighting.}) 43... hxg3 44. hxg3 f3 $1 45. Rfd2 Kg5 46. Kf2 {[#]} Rh8 $1 47. Rd5+ Bxd5 48. Rxd5+ {[%mdl 4096] Endgame KRB-KR} Kf6 49. Kxf3 Rh2 50. Ke4 Rxb2 51. g4 Rg2 52. Rf5+ Ke6 53. Rg5 Rg3 54. Kd4 Be7 55. Re5+ Kd6 56. Rf5 Rxg4+ 57. Kd3 Ke6 58. Rh5 Rg3+ 59. Kc2 Bd6 60. Rh4 Kd5 61. Rd4+ Kc6 62. Kb3 Be5 63. Rc4+ Kd5 64. Rc5+ Ke4 65. Rc6 Bd6 66. Kc4 {and the idea b5 leaves White hopeful.} Rg8 67. Kb5 {White hopes to continue with Ka6.} Rb8+ (67... Kd5 $19 {is more deadly.} 68. c4+ Ke6) 68. Ka6 $17 Kd5 69. b5 Bc5 {Hoping for ...Rb6+.} 70. Rxc7 Kc4 71. Rc6 Rxb5 72. Rh6 Rb1 73. Rh7 Rb6+ 74. Ka5 Rb2 {[%cal Rb2a2]} 75. Ka6 Ra2+ 76. Kb7 Kb5 77. c4+ Kxc4 78. Kc6 Ra6+ 79. Kd7 Kb5 {( -> ...Ra7+)} 80. Rf7 Rd6+ 81. Ke7 Rg6+ 82. Kd7 Rh6 83. Rf5 Kc4 84. Rf4+ Bd4 85. Rf5 Kd3 86. Rd5 Rh7+ (86... Ke4 {seems wilder.} 87. Rb5 Rg6 88. Ke7 Be5 89. Kd7 Rg8) 87. Kc6 Ke4 88. Rb5 Rh6+ 89. Kd7 Be5 90. Rb1 Kd5 91. Rb5+ {[#]} Kd4 $1 92. Rb1 Kc5 93. Rc1+ Kd5 94. Rd1+ Bd4 95. Kd8 Rh7 96. Rd2 Ke5 97. Kc8 Bc5 98. Rd7 Rh6 99. Kb7 Bd6 100. Kc6 Rh1 (100... Bf8+ $17 101. Kb5 Bd6) 101. Rxd6 {Accuracy: White = 65%, Black = 78%.} 1/2-1/2

[Event "RUS-chT Premier 2019"]
[Site "Sochi"]
[Date "2019.05.04"]
[Round "4.21"]
[White "Paravyan, David"]
[Black "Geller, Jakov"]
[Result "1/2-1/2"]
[WhiteElo "2610"]
[BlackElo "2518"]
[Annotator "TA"]
[PlyCount "125"]
[EventDate "2019.04.30"]
[EventType "team-tourn"]
[EventCountry "RUS"]
[SourceTitle "playchess.com"]
[Source "ChessBase"]
[SourceQuality "1"]

{[%evp 9,124,13,18,8,7,8,25,18,23,12,29,23,29,26,34,31,27,21,34,25,39,28,65,63,65,63,62,65,67,71,65,43,48,49,54,44,50,53,52,49,53,53,45,39,106,86,110,45,72,72,72,72,72,66,88,80,94,71,72,72,73,71,80,73,270,33,33,33,33,0,0,0,0,0,0,0,0,0,0,0,0,0,0,0,0,0,0,0,0,0,0,0,0,0,0,0,0,0,0,0,0,0,0,0,0,0,0,0,0,0,0,0,0,0,0,0,0]} 1. e4 e5 2. Nf3 Nc6 3. Bc4 Bc5 4. d3 Nf6 5. a4 O-O 6. Bg5 {C50: Hungarian Defence and Giuoco Pianissimo} h6 7. Bh4 Be7 8. Bg3 {White has an edge.} d6 9. h3 Be6 10. Nbd2 $146 ({Predecessor:} 10. Bxe6 fxe6 11. Nbd2 Qe8 12. O-O Nh5 13. Bh2 Qg6 14. c3 {0-1 (57) Demchenko,A (2679)-Sevian,S (2647) chess.com INT 2019}) 10... Nd7 11. Bxe6 fxe6 12. O-O a5 13. c3 Bf6 14. Qc2 Rf7 15. Rfb1 b6 16. b4 {[%cal Bb2b4,Bb4b5][%mdl 32]} Nf8 17. b5 Ne7 18. d4 {[%cal Rd4e5]} Neg6 19. Rd1 Qe7 20. Qd3 Nd7 21. Qc4 Rc8 22. Re1 Bg5 23. Nxg5 Qxg5 24. Nf3 Qf6 25. Rad1 Kh7 26. Rd2 exd4 ({Black should play} 26... Rff8 $14) 27. cxd4 $16 e5 28. Rc1 ({White should try} 28. Re3 $16) 28... Nf4 29. dxe5 Nxe5 30. Nxe5 dxe5 31. Rcd1 Rcf8 32. Rd7 Qg6 33. Kh2 ({Don't blunder} 33. Rxc7 $2 Nxh3+ $1 {[%mdl 512]} 34. Kh2 Rxc7 $19) 33... Nh5 34. R1d2 ({Don't go for} 34. Rxc7 $2 Rxf2 35. Qc3 R2f3 $1 $19 {[%mdl 512]}) 34... Nxg3 35. fxg3 Rxd7 36. Rxd7 {[%mdl 4096] Endgame KQR-KQR} h5 $2 {[#]} (36... Rf2 $16) 37. Qxc7 $2 ({Less strong is} 37. Rxc7 h4 $14) (37. h4 $1 $18) 37... h4 $1 $14 {[%cal Rh4g3]} 38. Qxe5 Re8 $1 {[%cal Re8e5] [#]} 39. Rxg7+ $1 {[%mdl 576] Deflection} Qxg7 {The position is equal.} 40. Qh5+ {[%mdl 64] Double Attack} Qh6 41. Qxe8 hxg3+ 42. Kxg3 $11 {KQ-KQ} Qg5+ $1 43. Kf3 Qf6+ 44. Kg4 Qg7+ 45. Kf3 Qc3+ 46. Ke2 Qc2+ 47. Ke3 Qc3+ 48. Kf2 Qd2+ 49. Kg3 Qg5+ $1 50. Kf3 Qf6+ 51. Ke2 Qb2+ 52. Kd3 Qa3+ $1 53. Kc2 {Strongly threatening Qf7+.} Qa2+ 54. Kc1 Qa1+ 55. Kd2 {Black must now prevent Qd7+.} Qb2+ 56. Kd1 Qb1+ 57. Ke2 {And now Qe7+ would win.} Qb2+ 58. Kf1 {Hoping for Qd7+.} Qc1+ 59. Kf2 Qd2+ 60. Kf3 Qc3+ $1 61. Kg4 Qg7+ 62. Kf5 Qf8+ $1 63. Qxf8 {Accuracy: White = 50%, Black = 63%.} 1/2-1/2

[Event "RUS-chT Premier 2019"]
[Site "Sochi"]
[Date "2019.05.04"]
[Round "4.22"]
[White "Chernobay, Artem"]
[Black "Yuffa, Daniil"]
[Result "0-1"]
[WhiteElo "2503"]
[BlackElo "2595"]
[Annotator "ChessBase"]
[PlyCount "62"]
[EventDate "2019.04.30"]
[EventType "team-tourn"]
[EventCountry "RUS"]
[SourceTitle "playchess.com"]
[Source "ChessBase"]
[SourceQuality "1"]
[TimeControl "40/5400+30:1800+30"]

1. c4 {[%emt 0:00:00]} g6 {[%emt 0:00:06]} 2. d4 {[%emt 0:00:00]} Nf6 {[%emt 0:00:53]} 3. Nf3 {[%emt 0:00:36]} d6 {[%emt 0:00:17]} 4. Nc3 {[%emt 0:00:21]} Bf5 {[%emt 0:01:19]} 5. g3 {[%emt 0:01:09]} Ne4 {[%emt 0:01:42]} 6. Bg2 {[%emt 0:05:36]} Nxc3 {[%emt 0:00:59]} 7. bxc3 {[%emt 0:00:07]} Be4 {[%emt 0:02:40]} 8. Bf4 {[%emt 0:11:51]} Nd7 {[%emt 0:03:15]} 9. Qc1 {[%emt 0:06:59]} Nf6 {[%emt 0:11:13]} 10. O-O {[%emt 0:05:41]} Qd7 {[%emt 0:03:52]} 11. Rd1 {[%emt 0:05:44]} Bg7 {[%emt 0:12:46]} 12. Bh6 {[%emt 0:16:54]} O-O {[%emt 0:01:24]} 13. c5 {[%emt 0:08:56]} Rfd8 {[%emt 0:10:27]} 14. Bxg7 {[%emt 0:05:41]} Kxg7 {[%emt 0:00:04]} 15. Qa3 {[%emt 0:00:20]} Qc6 {[%emt 0:05:57]} 16. cxd6 {[%emt 0:01:15]} cxd6 {[%emt 0:00:07]} 17. Rac1 {[%emt 0:04:48]} b5 {[%emt 0:02:03]} 18. Bf1 {[%emt 0:07:28]} Bxf3 {[%emt 0:02:43]} 19. exf3 {[%emt 0:00:04]} a5 {[%emt 0:00:45]} 20. c4 {[%emt 0:01:15]} b4 {[%emt 0:00:54]} 21. Qb2 {[%emt 0:02:21]} Rab8 {[%emt 0:02:36]} 22. f4 {[%emt 0:00:33]} a4 {[%emt 0:01:33]} 23. Re1 {[%emt 0:00:44]} Qc7 {[%emt 0:01:33]} 24. Re3 {[%emt 0:02:43]} Qa7 {[%emt 0:03:13]} 25. Rce1 {[%emt 0:00:39]} Rd7 {[%emt 0:01:36]} 26. Bg2 {[%emt 0:07:11]} Rc7 {[%emt 0:00:36]} 27. h3 {[%emt 0:00:50]} Rxc4 {[%emt 0:03:02]} 28. Rxe7 {[%emt 0:00:17]} Qxd4 {[%emt 0:00:08]} 29. Qe2 {[%emt 0:00:02]} b3 {[%emt 0:01:30]} 30. axb3 {[%emt 0:00:07]} axb3 {[%emt 0:00:34]} 31. g4 {[%emt 0:02:48]} Rc2 {[%emt 0:03:14]} 0-1

[Event "RUS-chT Premier 2019"]
[Site "Sochi"]
[Date "2019.05.04"]
[Round "4.23"]
[White "Lomasov, Semyon"]
[Black "Bykov, Oleg"]
[Result "1-0"]
[WhiteElo "2541"]
[BlackElo "2395"]
[Annotator "ChessBase"]
[PlyCount "59"]
[EventDate "2019.04.30"]
[EventType "team-tourn"]
[EventCountry "RUS"]
[SourceTitle "playchess.com"]
[Source "ChessBase"]
[SourceQuality "1"]
[TimeControl "40/5400+30:1800+30"]

1. e4 {[%emt 0:00:00]} c5 {[%emt 0:00:00]} 2. Nf3 {[%emt 0:00:00]} e6 {[%emt 0:00:00]} 3. d4 {[%emt 0:00:00]} cxd4 {[%emt 0:00:00]} 4. Nxd4 {[%emt 0:00:00]} Nc6 {[%emt 0:00:00]} 5. Nc3 {[%emt 0:00:02]} Qc7 {[%emt 0:00:00]} 6. a3 {[%emt 0:05:03]} a6 {[%emt 0:00:54]} 7. f4 {[%emt 0:04:25]} Bc5 {[%emt 0:10:54]} 8. Nxc6 {[%emt 0:09:14]} Qxc6 {[%emt 0:03:45]} 9. Qd3 {[%emt 0:00:34]} d6 {[%emt 0:18:56]} 10. Be3 {[%emt 0:19:38]} b5 {[%emt 0:12:14]} 11. O-O-O {[%emt 0:13:34]} Bb7 {[%emt 0:00:56]} 12. e5 {[%emt 0:06:21]} O-O-O {[%emt 0:14:01]} 13. a4 {[%emt 0:03:56]} Bxe3+ {[%emt 0:04:53]} 14. Qxe3 {[%emt 0:01:26]} Qc5 {[%emt 0:16:34]} 15. Qxc5+ {[%emt 0:00:52]} dxc5 {[%emt 0:00:02]} 16. Rxd8+ {[%emt 0:00:18]} Kxd8 {[%emt 0:00:02]} 17. axb5 {[%emt 0:00:06]} axb5 {[%emt 0:00:11]} 18. Bxb5 {[%emt 0:02:10]} Nh6 {[%emt 0:00:16]} 19. Rd1+ {[%emt 0:09:49]} Kc7 {[%emt 0:00:13]} 20. Na4 {[%emt 0:01:24]} Bxg2 {[%emt 0:02:02]} 21. Rd7+ {[%emt 0:00:38]} Kb8 {[%emt 0:00:27]} 22. Nxc5 {[%emt 0:00:28]} Rg8 {[%emt 0:01:31]} 23. Na6+ {[%emt 0:06:31]} Ka8 {[%emt 0:01:06]} 24. h4 {[%emt 0:09:51]} Rc8 {[%emt 0:04:49]} 25. b4 {[%emt 0:01:16]} Nf5 {[%emt 0:03:35]} 26. Bd3 {[%emt 0:01:06]} Nxh4 {[%emt 0:01:54]} 27. b5 {[%emt 0:00:14]} Bb7 {[%emt 0:00:58]} 28. b6 {[%emt 0:01:34]} Bxa6 {[%emt 0:01:41]} 29. Ra7+ {[%emt 0:01:32]} Kb8 {[%emt 0:00:05]} 30. Be4 {[%emt 0:00:04]} 1-0